Which of the Two... Pieces of Literature Quiz Stats

 Plays Quiz Updated Sep 29, 2016

Score 0/24 Timer 06:00
8 Plays Today
Which piece of literature... A or B % Correct
...is a Shakespearean tragedy?
(A) Much Ado About Nothing or (B) Hamlet
???
94.1%
...depicting a dystopian future includes 'Big Brother'?
(A) 1984 or (B) Fahrenheit 451
???
93%
...by E.B. White includes a pig named Wilbur?
(A) Stuart Little or (B) Charlotte's Web
???
92.9%
...was written by Mary Shelley?
(A) Frankenstein or (B) Dracula
???
91.7%
...opens with the line, 'Call me Ishmael.'?
(A) Moby-Dick or (B) The Old Man and the Sea
???
90.8%
...was a poem written by Robert Frost?
(A) Dream Deferred or (B) The Road Not Taken
???
88.6%
...follows characters Lennie and George?
(A) The Grapes of Wrath or (B) Of Mice and Men
???
86.8%
...has protagonist Ralph and antagonist Jack?
(A) Lord of the Flies or (B) The Catcher in the Rye
???
85.8%
...features sisters Blanche and Stella?
(A) A Streetcar Named Desire or (B) Cat on a Hot Tin Roof
???
84.9%
...comes earlier in the 'Harry Potter' series?
(A) Goblet of Fire or (B) Order of the Phoenix
???
84.7%
...follows Hester Prynne?
(A) The Scarlet Letter or (B) The House of the Seven Gables
???
84.6%
...was a straight play adapted into 'My Fair Lady'?
(A) Pygmalion or (B) The Importance of Being Earnest
???
82.1%
Which piece of literature... A or B % Correct
...is a memoir by Mitch Albom?
(A) Tuesdays with Morrie or (B) A Beautiful Mind
???
79.8%
...is an autobiography set during the Holocaust?
(A) Night or (B) Brave New World
???
78.2%
...by John Green was adapted into a movie first?
(A) The Fault in Our Stars or (B) Paper Towns
???
74.7%
...is set in Maycomb, Alabama?
(A) The Color Purple or (B) To Kill a Mockingbird
???
74.7%
...is a children's novel that follows cousins Mary and Colin?
(A) Bridge to Terabithia or (B) The Secret Garden
???
74%
...was originally published first?
(A) Crime and Punishment or (B) Sense and Sensibility
???
61.7%
...earned Arthur Miller a Pulitzer Prize for Drama?
(A) The Crucible or (B) Death of a Salesman
???
61.4%
...is a play in August Wilson's 'Century Cycle'?
(A) A Raisin in the Sun or (B) Fences
???
60.3%
...has a higher word count?
(A) Twilight or (B) The Hunger Games
???
57.5%
...is divided into Books the First, the Second, and the Third?
(A) Great Expectations or (B) A Tale of Two Cities
???
55.2%
...was written first?
(A) Charlie and the Chocolate Factory or (B) The Cat in the Hat
???
52%
...was written by Edgar Allan Poe first?
(A) The Cask of Amontillado or (B) The Fall of the House of Usher
???
49.8%

You're not logged in!

Compare scores with friends on all Sporcle quizzes.
OR
Log In

Show Comments

Extras

Top Quizzes Today


Score Distribution

Your Account Isn't Verified!

In order to create a playlist on Sporcle, you need to verify the email address you used during registration. Go to your Sporcle Settings to finish the process.

Report this User

Report this user for behavior that violates our Community Guidelines.

Details: